| 000 | 00789nam a22002777a 4500 | ||
|---|---|---|---|
| 999 |
_c15425 _d15425 |
||
| 003 | EG-ScBUE | ||
| 005 | 20210314102844.0 | ||
| 008 | 110526t1972 nyu f 000 d eng d | ||
| 020 | _a0802151000 | ||
| 020 | _a9780802151001 | ||
| 040 |
_aEG-ScBUE _beng _erda _cEG-ScBUE _dEG-ScBUE |
||
| 082 | 0 | 4 |
_a822.914 _bSTO _222 |
| 100 | 1 |
_aStoppard, Tom, _eauthor. _924213 |
|
| 245 | 1 | 0 |
_aJumpers / _cTom Stoppard. |
| 264 | 1 |
_aNew York : _bGrove Press, _c[1972] |
|
| 264 | 4 | _cc1972 | |
| 300 |
_a89 pages ; _c21 cm |
||
| 336 |
_2rdacontent _atext _btxt |
||
| 337 |
_2rdamedia _aunmediated _bn |
||
| 338 |
_2rdacarrier _avolume _bnc |
||
| 650 | 7 |
_924971 _aEnglish drama _y20th century. _2BUEsh |
|
| 651 | _2BUEsh | ||
| 653 |
_cMay2011 _bHHUUEENN |
||
| 655 |
_vReading book _934232 |
||
| 942 |
_2ddc _cBB |
||